[Event "Frauenbundesliga 2011-12"]
[Site "Germany GER"]
[Date "2012.01.22"]
[Round "7.2"]
[White "Melamed,T"]
[Black "Jaracz,B"]
[Result "1-0"]
[WhiteTitle "WGM"]
[BlackTitle "WGM"]
[WhiteElo "2342"]
[BlackElo "2272"]
[WhiteTeam "USV Volksbank Halle"]
[BlackTeam "SV Chemie Guben"]
[WhiteFideId "14102145"]
[BlackFideId "1107453"]
[EventDate "2011.10.29"]
[EventType "team"]

1. e4 e5 2. Nf3 Nc6 3. Bb5 a6 4. Ba4 Nf6 5. O-O Be7 6. Re1 b5 7. Bb3 d6 8. c3
O-O 9. h3 Na5 10. Bc2 c5 11. d4 Qc7 12. Nbd2 cxd4 13. cxd4 Nc6 14. Nb3 a5 15.
Be3 a4 16. Nbd2 Bd7 17. Rc1 Qb7 18. d5 Nb4 19. Bb1 Rfc8 20. Qe2 Bd8 21. a3 Na6
22. Bd3 h6 23. Nf1 Rxc1 24. Rxc1 Bb6 25. Ng3 Bxe3 26. Qxe3 Qa7 27. Qe2 Nc5 28.
Bxb5 Bxb5 29. Qxb5 Ncxe4 30. Nxe4 Nxe4 31. Rc2 Rb8 32. Qe2 Nf6 33. Qc4 Qa5 34.
Qc6 Qxd5 35. Qxa4 e4 36. Nd4 e3 37. fxe3 Qg5 38. Nf3 Qxe3+ 39. Kh2 Ne4 40. Qd4
Qf4+ 41. Kg1 d5 42. b4 Qd6 43. Qe5 Qb6+ 44. Nd4 Nf6 45. Rc6 Qa7 46. Ra6 Qxa6 47.
Qxb8+ Kh7 48. Qg3 Ne4 49. Qb3 Qf6 50. Qe3 Qe5 51. b5 f5 52. b6 f4 53. Qd3 Qe7
54. Nf5 Qc5+ 55. Qd4 Qxd4+ 56. Nxd4 Nc5 57. Ne6 Nb7 58. Nxf4 d4 59. Kf2 1-0

[Event "Frauenbundesliga 2011-12"]
[Site "Germany GER"]
[Date "2012.01.22"]
[Round "7.3"]
[White "Fojudzka,Anna"]
[Black "Sharevich,A"]
[Result "1/2-1/2"]
[WhiteTitle "WIM"]
[BlackTitle "WGM"]
[WhiteElo "2205"]
[BlackElo "2257"]
[WhiteTeam "SV Chemie Guben"]
[BlackTeam "USV Volksbank Halle"]
[WhiteFideId "1112074"]
[BlackFideId "13503189"]
[EventDate "2011.10.29"]
[EventType "team"]

1. e4 c5 2. Nf3 e6 3. d4 cxd4 4. Nxd4 a6 5. Be3 Qc7 6. c4 Nf6 7. Bd3 Bb4+ 8. Nd2
Nc6 9. Nxc6 dxc6 10. O-O e5 11. f3 Qe7 12. a3 Bc5 13. Qe2 Be6 14. b4 Bxe3+ 15.
Qxe3 Rd8 16. Rfd1 O-O 17. Be2 Ne8 18. c5 Nc7 19. Nc4 Bxc4 20. Bxc4 Ne6 21. Bxe6
Qxe6 22. Rd3 Rd7 23. Rad1 Rfd8 24. Rxd7 Rxd7 25. Rd3 Qe7 26. Qd2 Rxd3 27. Qxd3
h5 28. h3 h4 29. Kf2 g6 30. Qd2 Kg7 31. Qd3 Qe6 32. Kg1 Qe7 1/2-1/2

[Event "Frauenbundesliga 2011-12"]
[Site "Germany GER"]
[Date "2012.01.22"]
[Round "7.4"]
[White "Lakos,N"]
[Black "Sikorska,A1"]
[Result "1/2-1/2"]
[WhiteTitle "WGM"]
[WhiteElo "2278"]
[BlackElo "2092"]
[WhiteTeam "USV Volksbank Halle"]
[BlackTeam "SV Chemie Guben"]
[WhiteFideId "705128"]
[BlackFideId "1129821"]
[EventDate "2011.10.29"]
[EventType "team"]

1. e4 c5 2. Nf3 d6 3. d4 cxd4 4. Nxd4 Nf6 5. Nc3 a6 6. Bc4 e6 7. Bb3 Nc6 8. Be3
Be7 9. Qe2 O-O 10. Rg1 d5 11. O-O-O Bb4 12. exd5 exd5 13. Nxc6 bxc6 14. Bd4 a5
15. Na4 Bg4 16. f3 Re8 17. Qf2 Be6 18. c3 Bf8 19. g4 Nd7 20. f4 c5 21. Nxc5 Nxc5
22. Bxc5 a4 23. Bc2 a3 24. b3 Bxc5 25. Qxc5 Rc8 26. Qd4 Qa5 27. Rg3 f6 28. f5
Bf7 29. g5 fxg5 30. Rxg5 Qxc3 31. Rxg7+ Kf8 32. Rg2 Bh5 33. Qxc3 Rxc3 34. Rd3
Rc7 35. Rh3 Be2 36. Rhg3 Bb5 37. Rg8+ Ke7 38. R2g7+ Kd6 39. Rxc7 Rxg8 40. Rb7
Bd7 41. Ra7 Rg1+ 42. Kd2 Rg2+ 43. Kd1 Rg1+ 44. Kd2 Rg2+ 45. Kd1 1/2-1/2

[Event "Frauenbundesliga 2011-12"]
[Site "Germany GER"]
[Date "2012.01.22"]
[Round "7.5"]
[White "Demidowicz,M"]
[Black "Straub,N"]
[Result "1/2-1/2"]
[BlackTitle "WGM"]
[WhiteElo "2077"]
[BlackElo "2205"]
[WhiteTeam "SV Chemie Guben"]
[BlackTeam "USV Volksbank Halle"]
[WhiteFideId "1130544"]
[BlackFideId "14102757"]
[EventDate "2011.10.29"]
[EventType "team"]

1. e4 g6 2. d4 Bg7 3. Nc3 c6 4. Be3 Qb6 5. Qd2 Qxb2 6. Rb1 Qa3 7. Bc4 d6 8. Nge2
Qa5 9. a4 Nf6 10. O-O O-O 11. h3 e5 12. f4 exd4 13. Bxd4 Nbd7 14. Be3 Ne8 15.
Ba2 Nc5 16. f5 Nxa4 17. Nxa4 Qxa4 18. c4 b6 19. Bb3 Qa5 20. Qd3 Qe5 21. Bd4 Qe7
22. Rf3 Bxd4+ 23. Nxd4 c5 24. Nb5 Bb7 25. Nc3 f6 26. fxg6 hxg6 27. Rg3 Kg7 28.
Nd5 Qe5 29. Kh1 Rf7 30. Rf1 Nc7 31. Bc2 Ne6 32. Rf5 Qa1+ 33. Rf1 Qe5 34. Rf5
Qa1+ 35. Rf1 Qd4 36. Qe2 Bxd5 37. exd5 Ng5 38. Rg4 Qe5 39. Qd3 Rg8 40. Qxg6+ Kf8
41. Qd3 Rh8 1/2-1/2

[Event "Frauenbundesliga 2011-12"]
[Site "Germany GER"]
[Date "2012.01.22"]
[Round "7.6"]
[White "Jahn,C"]
[Black "Wisniowska,K"]
[Result "0-1"]
[WhiteTitle "WIM"]
[WhiteElo "2139"]
[BlackElo "2074"]
[WhiteTeam "USV Volksbank Halle"]
[BlackTeam "SV Chemie Guben"]
[WhiteFideId "4612450"]
[BlackFideId "1181238"]
[EventDate "2011.10.29"]
[EventType "team"]

1. e4 c5 2. Nc3 a6 3. f4 Nc6 4. Nf3 Nd4 5. d3 g6 6. g3 Bg7 7. Bg2 e6 8. Ne2 Ne7
9. c3 Nxe2 10. Qxe2 d5 11. O-O O-O 12. e5 b5 13. Be3 Qc7 14. b4 d4 15. Bf2 Nd5
16. bxc5 dxc3 17. Ng5 Bb7 18. Ne4 b4 19. Nd6 a5 20. Nxb7 Qxb7 21. Qe4 Rfd8 22.
Qc4 Rab8 23. Bf3 Qb5 24. Qxb5 Rxb5 25. Bd1 g5 26. Ba4 Rb7 27. c6 Rc7 28. Bc5 Bf8
29. Bxf8 Kxf8 30. fxg5 Nb6 31. Bd1 Rxc6 32. Bh5 Rc7 33. g6 hxg6 34. Bxg6 Kg7 35.
Be4 Nd5 36. Kf2 a4 37. Rac1 b3 38. axb3 axb3 39. d4 c2 40. Bd3 Nb4 41. Ke3 Rc3 0-1

[Event "Frauenbundesliga 2011-12"]
[Site "Germany GER"]
[Date "2012.01.22"]
[Round "7.1"]
[White "Ohme,M"]
[Black "Zozulia,A"]
[Result "0-1"]
[WhiteTitle "WIM"]
[BlackTitle "IM"]
[WhiteElo "2344"]
[BlackElo "2377"]
[WhiteTeam "SF Friedberg 1891"]
[BlackTeam "SV Muelheim-Nord 1931"]
[WhiteFideId "4690745"]
[BlackFideId "14102110"]
[EventDate "2011.10.29"]
[EventType "team"]

1. e4 g6 2. d4 Bg7 3. Nc3 d6 4. Be3 a6 5. Qd2 b5 6. f3 Nd7 7. h4 h5 8. Nh3 c5 9.
Ng5 Bb7 10. a4 b4 11. Nd1 Ngf6 12. Bc4 O-O 13. Nf2 d5 14. Ba2 dxe4 15. fxe4 cxd4
16. Bxd4 Qa5 17. c3 bxc3 18. Bxc3 Qc7 19. Rc1 Qg3 20. Kf1 Rac8 21. Rh3 Qb8 22.
Kg1 Nc5 23. Qc2 Ng4 24. Rf1 Bxc3 25. bxc3 Ne5 26. Nh1 Qa7 27. Nf2 Kg7 28. a5
Rcd8 29. Qe2 Bc8 30. Rg3 Qc7 31. Qxh5 Rh8 32. Qe2 Rxh4 33. Nfh3 f6 34. Nf3 Rxe4
35. Qc2 Ned3 36. Nd2 Qxg3 37. Nxe4 Nxe4 38. Rf3 Ne1 0-1

[Event "Frauenbundesliga 2011-12"]
[Site "Germany GER"]
[Date "2012.01.22"]
[Round "7.2"]
[White "Schleining,Z"]
[Black "Levushkina,E"]
[Result "1/2-1/2"]
[WhiteTitle "WGM"]
[BlackTitle "WGM"]
[WhiteElo "2326"]
[BlackElo "2324"]
[WhiteTeam "SV Muelheim-Nord 1931"]
[BlackTeam "SF Friedberg 1891"]
[WhiteFideId "4671660"]
[BlackFideId "14200686"]
[EventDate "2011.10.29"]
[EventType "team"]

1. d4 d5 2. c4 dxc4 3. e3 Nf6 4. Bxc4 e6 5. Nf3 c5 6. O-O a6 7. Bb3 cxd4 8. exd4
Nc6 9. Nc3 Be7 10. Re1 O-O 11. a3 Na5 12. Ba2 b5 13. d5 exd5 14. Nxd5 Nxd5 15.
Qxd5 Be6 16. Rxe6 Qxd5 17. Bxd5 fxe6 18. Bxa8 Rxa8 19. Bg5 Bxg5 20. Nxg5 Re8 21.
g3 Nc4 22. b3 Nd2 23. b4 h6 24. Ra2 Nc4 25. Ne4 a5 26. Nc5 Ra8 27. bxa5 Rxa5 28.
Re2 e5 29. Nd3 Rxa3 30. Nxe5 Nxe5 31. Rxe5 Rb3 32. h4 Kf7 33. h5 Rb1+ 34. Kg2 b4
35. Rb5 b3 36. g4 Ke6 37. Rb7 Kf6 38. f3 b2 39. Rb8 Kg5 40. Rb7 Kf4 41. Rf7+ Ke5
42. Re7+ Kd5 43. Rb7 Kd4 44. Rb8 Kc3 45. Rc8+ Kd3 1/2-1/2

[Event "Frauenbundesliga 2011-12"]
[Site "Germany GER"]
[Date "2012.01.22"]
[Round "7.3"]
[White "Daulyte,D"]
[Black "Kalinina,O"]
[Result "0-1"]
[WhiteTitle "WGM"]
[BlackTitle "WIM"]
[WhiteElo "2238"]
[BlackElo "2288"]
[WhiteTeam "SF Friedberg 1891"]
[BlackTeam "SV Muelheim-Nord 1931"]
[WhiteFideId "12802859"]
[BlackFideId "14117258"]
[EventDate "2011.10.29"]
[EventType "team"]

1. e4 c5 2. Nf3 e6 3. d4 cxd4 4. Nxd4 a6 5. Be2 Nf6 6. Nc3 Qc7 7. O-O d6 8. a4
b6 9. f4 Nbd7 10. Bf3 Bb7 11. Kh1 Be7 12. Qe1 O-O 13. e5 Ne8 14. Qg3 Bxf3 15.
Nxf3 g6 16. f5 dxe5 17. Bh6 Ng7 18. Bxg7 Kxg7 19. fxe6 fxe6 20. Ng5 Bxg5 21.
Qxg5 Nf6 22. Rfe1 Rad8 23. Re2 Rf7 24. Rae1 Nd7 25. h3 Rdf8 26. Ne4 Qc4 27. b3
Rf1+ 28. Kh2 Qb4 29. Rxf1 Rxf1 30. Ng3 Rf7 31. Re4 Qd6 32. Rc4 Nf6 33. Qe3 b5
34. axb5 axb5 35. Rc8 e4 36. Qc3 b4 37. Qc5 Qf4 38. Qd4 e5 39. Qxb4 h5 40. Qe1
h4 41. Rc4 Nh5 42. Rxe4 hxg3+ 43. Kg1 Qf2+ 0-1

[Event "Frauenbundesliga 2011-12"]
[Site "Germany GER"]
[Date "2012.01.22"]
[Round "7.4"]
[White "Vogel,H"]
[Black "Nikolova,A"]
[Result "0-1"]
[WhiteTitle "WFM"]
[BlackTitle "WGM"]
[WhiteElo "2133"]
[BlackElo "2268"]
[WhiteTeam "SV Muelheim-Nord 1931"]
[BlackTeam "SF Friedberg 1891"]
[WhiteFideId "4683137"]
[BlackFideId "2908689"]
[EventDate "2011.10.29"]
[EventType "team"]

1. d4 d5 2. Bf4 Nf6 3. e3 c5 4. c3 Nc6 5. Bd3 g6 6. Nd2 Bg7 7. h3 Qb6 8. Rb1 O-O
9. Ngf3 Nd7 10. O-O e5 11. dxe5 Ndxe5 12. Bc2 Be6 13. Nxe5 Nxe5 14. Bxe5 Bxe5
15. f4 Bg7 16. f5 Bd7 17. Qf3 Bc6 18. Qf4 Rad8 19. f6 Bh8 20. Rf3 Rfe8 21. g4 d4
22. e4 d3 23. Bd1 c4+ 24. Kf1 Qc5 25. b4 cxb3 26. Bxb3 Qxc3 27. Bxf7+ Kxf7 28.
Qh6 Ke6 29. f7 Rf8 30. Qf4 Qe5 31. Qe3 Rxf7 32. Rxf7 Kxf7 33. Nf3 Qf6 34. Kg2
Kg8 35. Rf1 Qe7 36. Re1 Bc3 37. Rf1 Qxe4 38. Qc5 Bb4 39. Qg5 Rf8 0-1

[Event "Frauenbundesliga 2011-12"]
[Site "Germany GER"]
[Date "2012.01.22"]
[Round "7.5"]
[White "Genova,Ly"]
[Black "Sokalska,V"]
[Result "1-0"]
[WhiteTitle "WIM"]
[WhiteElo "2259"]
[BlackElo "2027"]
[WhiteTeam "SF Friedberg 1891"]
[BlackTeam "SV Muelheim-Nord 1931"]
[WhiteFideId "2905612"]
[BlackFideId "24646121"]
[EventDate "2011.10.29"]
[EventType "team"]

1. e4 c6 2. d4 d5 3. e5 c5 4. dxc5 Nc6 5. Bb5 e6 6. Be3 Bd7 7. Bxc6 Bxc6 8. Nf3
Qc7 9. O-O Bb5 10. Re1 Bxc5 11. Bxc5 Qxc5 12. Nd4 Ne7 13. c3 Ng6 14. a4 Bd7 15.
Nd2 O-O 16. Qg4 Qb6 17. Qg3 Rac8 18. N2b3 f6 19. a5 Qc7 20. Nf3 fxe5 21. Nxe5
Rf6 22. Nxg6 Rxg6 23. Qxc7 Rxc7 24. Nd4 Rf6 25. Re5 Rc5 26. g3 a6 27. f4 Kf7 28.
h4 Ke7 29. Kg2 Kd6 30. Rg5 g6 31. Re5 h6 32. Kf3 Rc4 33. Ke3 Rf8 34. Kd2 Rc5 35.
Ra3 Rfc8 36. Ra1 Re8 37. Nf3 Bc6 38. Re3 Bd7 39. Ne5 Rg8 40. Nf7+ Ke7 41. Nxh6
Rgc8 42. Re5 Rb5 43. Kc2 Rcc5 44. Rae1 Rc8 45. Rg5 Be8 46. h5 gxh5 47. Nf5+ Kf6
48. Nd6 Rbc5 49. Nxc8 Rxc8 50. Kd2 Bg6 51. Rge5 Bf5 52. Rh1 Bg4 53. b3 Rc5 54.
Ra1 Rc6 55. Ra4 b5 56. axb6 Rxb6 57. Kc2 Bf5+ 58. Kb2 Kg6 59. Ra5 Kf6 60. Rc5
Rd6 61. Kc1 d4 62. cxd4 Rxd4 63. Re3 Rd6 64. Kb2 Rb6 65. Ka3 Bg4 66. Rec3 Be2
67. Ka4 Rd6 68. Ka5 Rd1 69. Re3 Ra1+ 70. Kb6 Ra2 71. Rce5 Bg4 72. Ra5 Rxa5 73.
Kxa5 Kf5 74. Re5+ 1-0

[Event "Frauenbundesliga 2011-12"]
[Site "Germany GER"]
[Date "2012.01.22"]
[Round "7.6"]
[White "Reiter,B"]
[Black "Toth,Li"]
[Result "1/2-1/2"]
[BlackTitle "WIM"]
[WhiteElo "1836"]
[BlackElo "2216"]
[WhiteTeam "SV Muelheim-Nord 1931"]
[BlackTeam "SF Friedberg 1891"]
[WhiteFideId "4608534"]
[BlackFideId "724130"]
[EventDate "2011.10.29"]
[EventType "team"]

1. d4 Nf6 2. Nf3 e6 3. Bf4 b6 4. e3 Bb7 5. Nbd2 c5 6. c3 Be7 7. Bd3 cxd4 8. exd4
d6 9. Qb1 Nbd7 10. O-O Qc7 11. Re1 O-O 12. a4 a6 13. Bg3 Rfe8 14. Ne4 Nxe4 15.
Bxe4 Nf6 16. Bxb7 Qxb7 17. Bh4 b5 18. axb5 axb5 19. Qd3 h6 20. h3 Rec8 21. b3 d5
22. Rxa8 Rxa8 23. Ne5 Ra3 24. Qc2 Qa6 25. Rb1 g5 26. Bg3 Ne4 27. Kh2 Ra2 28. Rb2
Rxb2 29. Qxb2 Qc8 30. Qe2 Nxg3 31. fxg3 Bf6 32. Ng4 Bg7 33. Qxb5 h5 34. Ne5 Bxe5
35. dxe5 Qxc3 36. Qe2 d4 37. Qe4 Qd2 38. Qa8+ Kh7 39. Qd8 Qd3 40. Qxg5 Qg6 41.
Qxg6+ Kxg6 42. Kg1 Kf5 43. Kf2 Kxe5 44. g4 h4 45. g3 hxg3+ 46. Kxg3 Ke4 47. Kf2
Kd3 48. b4 Kc2 49. b5 d3 50. b6 d2 51. b7 d1=Q 52. b8=Q Qd4+ 53. Kg2 Qd5+ 54.
Kf2 e5 55. Qc8+ Kd1 56. Qf5 Qd4+ 57. Kf3 Qc3+ 58. Ke4 Qd4+ 59. Kf3 Kd2 60. h4
Qe3+ 61. Kg2 Qe2+ 62. Kg3 e4 63. Qa5+ Ke3 64. Qc5+ Kd2 65. Qa5+ Ke3 66. Qc5+ Kd2
67. Qa5+ Ke3 1/2-1/2

[Event "TCh-CZE Liga 1 Zapad"]
[Site "Czech Rep CZE"]
[Date "2012.02.12"]
[Round "8.1"]
[White "Votava,J"]
[Black "Bernasek,J"]
[Result "1/2-1/2"]
[WhiteTitle "GM"]
[BlackTitle "IM"]
[WhiteElo "2538"]
[BlackElo "2464"]
[WhiteTeam "SK Holdia DP Praha B"]
[BlackTeam "ERA-Postovni sporitelna A"]
[WhiteFideId "300535"]
[BlackFideId "311995"]
[EventDate "2011.10.02"]

1. e4 c5 2. Nf3 d6 3. d4 cxd4 4. Nxd4 Nf6 5. Nc3 a6 6. Be2 e5 7. Nb3 Be7 8. Be3
Be6 9. O-O O-O 10. a4 Nc6 11. Bf3 Nb4 12. a5 Rc8 13. Bg5 b5 14. axb6 Qxb6 15.
Bxf6 Bxf6 16. Bg4 Bxg4 17. Qxg4 Nxc2 18. Nd5 Qxb3 19. Nxf6+ Kh8 20. Qh4 h6 21.
Ng4 Nxa1 22. Nxh6 gxh6 23. Qxh6+ Kg8 1/2-1/2

[Event "TCh-CZE Liga 1 Zapad"]
[Site "Czech Rep CZE"]
[Date "2012.02.12"]
[Round "8.3"]
[White "Freisler,P"]
[Black "Studnicka,Toma"]
[Result "0-1"]
[WhiteTitle "IM"]
[BlackTitle "FM"]
[WhiteElo "2323"]
[BlackElo "2359"]
[WhiteTeam "SK Holdia DP Praha B"]
[BlackTeam "ERA-Postovni sporitelna A"]
[WhiteFideId "301477"]
[BlackFideId "318949"]
[EventDate "2011.10.02"]

1. Nf3 d5 2. d4 c5 3. Nc3 Nf6 4. Bg5 cxd4 5. Bxf6 dxc3 6. Bxc3 Nc6 7. e3 f6 8.
Bb5 Bg4 9. Qd4 Bxf3 10. gxf3 a6 11. Bxc6+ bxc6 12. f4 e6 13. O-O-O Bd6 14. Qa4
Qd7 15. Rhg1 O-O 16. h4 Qb7 17. f5 exf5 18. h5 Be5 19. Rd3 Qb5 20. Qh4 Rf7 21.
Qh3 Qa4 22. Kb1 f4 23. b3 Qa3 24. exf4 Bxf4 25. Qe6 Qd6 26. Qf5 a5 27. Re1 Be5
28. Bd2 Qd7 29. Qf3 a4 30. Bc3 axb3 31. cxb3 Qa7 32. Rd2 d4 33. Bb4 Rb7 34. Qxc6
Rxb4 35. f4 d3 36. fxe5 Rxb3+ 37. Kc1 Qa3+ 0-1

[Event "TCh-CZE Liga 1 Zapad"]
[Site "Czech Rep CZE"]
[Date "2012.02.12"]
[Round "8.4"]
[White "Kovar,V"]
[Black "Tuma,Ja"]
[Result "1-0"]
[BlackTitle "FM"]
[WhiteElo "2308"]
[BlackElo "2288"]
[WhiteTeam "ERA-Postovni sporitelna A"]
[BlackTeam "SK Holdia DP Praha B"]
[WhiteFideId "314943"]
[BlackFideId "305553"]
[EventDate "2011.10.02"]

1. c4 e5 2. Nc3 Nc6 3. g3 Nf6 4. Bg2 g6 5. d3 Bg7 6. e4 O-O 7. Nge2 d6 8. h3 a6
9. O-O b5 10. Bg5 Rb8 11. Qd2 bxc4 12. dxc4 Nd4 13. b3 Ne6 14. Be3 Bb7 15. Rfd1
Nh5 16. Nd5 f5 17. exf5 gxf5 18. Rac1 f4 19. gxf4 exf4 20. Nexf4 Nexf4 21. Nxf4
Bxg2 22. Nxg2 Kh8 23. c5 Qd7 24. cxd6 Qxh3 25. Rc4 cxd6 26. Qxd6 Nf6 27. Rh4 Qf3
28. Rf4 Qh5 29. Rdd4 Rb5 30. Qe7 Qg6 31. Rd8 Qb1+ 32. Kh2 Rh5+ 33. Rh4 Ng4+ 34.
Kg3 Qf5 35. Rxf8+ Bxf8 36. Rxh5 Nxe3 37. Qxh7+ 1-0

[Event "TCh-CZE Liga 1 Zapad"]
[Site "Czech Rep CZE"]
[Date "2012.02.12"]
[Round "8.5"]
[White "Bednar,Ma"]
[Black "Simek,P2"]
[Result "0-1"]
[BlackTitle "FM"]
[WhiteElo "2257"]
[BlackElo "2277"]
[WhiteTeam "SK Holdia DP Praha B"]
[BlackTeam "ERA-Postovni sporitelna A"]
[WhiteFideId "331007"]
[BlackFideId "319260"]
[EventDate "2011.10.02"]

1. d4 g6 2. c4 Bg7 3. Nf3 c5 4. d5 d6 5. e4 e6 6. Nc3 exd5 7. cxd5 a6 8. a4 Bg4
9. Be2 Nd7 10. Nd2 Bxe2 11. Qxe2 Ne7 12. O-O O-O 13. a5 Qc7 14. Nc4 Rae8 15. Bf4
Nc8 16. Rfe1 f5 17. Qd3 Ne5 18. Bxe5 Bxe5 19. exf5 Rxf5 20. Ne4 Ref8 21. Rac1
Qd8 22. Re2 Bd4 23. b4 Qh4 24. Rf1 Rxd5 25. Qb3 Rh5 26. Ncxd6+ Kh8 27. h3 Nxd6
28. Nxd6 cxb4 29. Re4 Qf6 30. Ne8 Bxf2+ 31. Kh1 Qc3 32. Rxb4 Qxb3 33. Rxb3 Rxa5
34. Rxb7 Ra2 35. Nd6 Kg8 36. Ne4 Bd4 37. Rxf8+ Kxf8 38. Rxh7 Bg7 39. Rh4 a5 40.
Rg4 Ra1+ 41. Kh2 Be5+ 42. g3 Ra2+ 43. Kg1 Kf7 44. Ng5+ Kf6 45. Nf3 Bd6 46. Nh4
Bc5+ 47. Kh1 g5 48. Nf3 Ra1+ 49. Kg2 Ra2+ 50. Kh1 Be3 51. Re4 Ra1+ 52. Kg2 Ra2+
53. Kh1 Ra3 54. Rc4 a4 55. h4 gxh4 56. gxh4 Ra2 57. Nh2 Kf5 58. Nf3 a3 59. Ra4
Rf2 60. Rxa3 Rxf3 61. Kg2 Kg4 62. Ra4+ Bf4 63. h5 Rc3 64. Ra2 Rh3 65. Rf2 Bg3
66. Rf8 Rh2+ 67. Kf1 Bf4 68. Ke1 Kf3 69. Kd1 Rd2+ 70. Ke1 Rc2 71. Rd8 Rc1+ 72.
Rd1 Bg3+ 73. Kd2 Bf4+ 74. Ke1 Rc2 75. Rd3+ Be3 76. h6 Rc1+ 77. Rd1 Bf2+ 78. Kd2
Be3+ 79. Ke1 Rc6 80. Rb1 Rxh6 81. Kd1 Rc6 82. Ke1 Rc2 83. Kd1 Rc6 84. Ke1 Rc2
85. Kd1 Rd2+ 86. Ke1 Rh2 87. Kd1 Ke4 88. Rb4+ Bd4 89. Rb3 Be5 90. Rb5 Bc3 91.
Rg5 Bd4 92. Rg3 Be3 93. Rg8 Kd3 94. Rd8+ Bd4 95. Re8 Rh1+ 96. Re1 Rh7 97. Re8
Rb7 98. Rc8 Be5 99. Rd8+ Bd4 100. Rc8 Bb6 101. Rc6 Rb8 102. Rd6+ Bd4 103. Rc6
Be5 104. Rc5 Rb1+ 105. Rc1 Rb5 106. Rc8 Bf6 107. Rc6 Rf5 108. Rd6+ Bd4 109. Re6
Be5 0-1

[Event "TCh-CZE Liga 1 Zapad"]
[Site "Czech Rep CZE"]
[Date "2012.02.12"]
[Round "8.6"]
[White "Klement,L"]
[Black "Adamek,Z"]
[Result "1/2-1/2"]
[WhiteElo "2239"]
[BlackElo "2252"]
[WhiteTeam "ERA-Postovni sporitelna A"]
[BlackTeam "SK Holdia DP Praha B"]
[WhiteFideId "305049"]
[BlackFideId "305065"]
[EventDate "2011.10.02"]

1. e4 d6 2. d4 Nf6 3. Nc3 g6 4. f4 Bg7 5. Nf3 c5 6. e5 Nfd7 7. exd6 O-O 8. Be3
exd6 9. Qd2 Nc6 10. O-O-O Qa5 11. Kb1 Nf6 12. Nb5 Qxd2 13. Rxd2 Re8 14. Re2 Nd5
15. Bd2 Rxe2 16. Bxe2 Nxd4 17. Nfxd4 cxd4 18. Nxd6 Be6 19. Bd3 Bf8 20. Ne4 h6
21. Re1 Nb4 22. Bxb4 Bxb4 23. Re2 Kf8 24. a3 Be7 25. Ng3 Bd5 26. f5 g5 27. Ne4
Bxe4 1/2-1/2

[Event "TCh-CZE Liga 1 Zapad"]
[Site "Czech Rep CZE"]
[Date "2012.02.12"]
[Round "8.7"]
[White "Benes,Pe1"]
[Black "Hadraba,V"]
[Result "1/2-1/2"]
[WhiteElo "2089"]
[BlackElo "2225"]
[WhiteTeam "SK Holdia DP Praha B"]
[BlackTeam "ERA-Postovni sporitelna A"]
[WhiteFideId "311812"]
[BlackFideId "301663"]
[EventDate "2011.10.02"]

1. Nf3 Nf6 2. g3 g6 3. b3 Bg7 4. Bb2 O-O 5. d4 c5 6. dxc5 Qa5+ 7. Nfd2 Qxc5 8.
Bg2 Nc6 9. O-O Qh5 10. Nc3 d5 11. e3 Qxd1 12. Rfxd1 d4 13. Na4 dxe3 14. fxe3 Bg4
15. Rdc1 Rad8 16. Nc4 b5 17. Bxc6 bxc4 18. Bd4 Nd7 19. Bg2 Ne5 20. Rf1 Bf5 21.
Rac1 a6 22. Nb6 Be6 23. Rcd1 cxb3 24. axb3 Ng4 25. Bc5 Rxd1 26. Rxd1 Bh6 27. Rd3
Rb8 28. Nd5 Bxd5 29. Bxd5 e6 30. Bf3 Ne5 31. Bd6 Nxf3+ 32. Kf2 Rc8 33. Kxf3 Rxc2
34. Be5 Rc8 35. Rd6 Ra8 36. Rb6 Bg7 37. Bb8 a5 38. Rb5 Bf8 39. e4 a4 40. bxa4
Rxa4 41. Be5 Ra3+ 42. Kf2 Ra8 43. g4 h6 44. h4 Be7 45. h5 f6 46. Bb2 gxh5 47.
gxh5 Ra7 48. Kf3 Rc7 49. Bd4 Kf7 50. Be3 Bf8 51. Ra5 Rb7 52. Kg4 Rb3 53. Ra7+
Kg8 54. Bf4 Rb5 55. Ra8 f5+ 56. exf5 exf5+ 57. Kf3 Rb3+ 58. Kg2 Rb6 59. Be3 Rc6 1/2-1/2

[Event "TCh-CZE Liga 1 Zapad"]
[Site "Czech Rep CZE"]
[Date "2012.02.12"]
[Round "8.8"]
[White "Kuba,J"]
[Black "Simecek,A"]
[Result "1-0"]
[WhiteElo "2211"]
[BlackElo "2140"]
[WhiteTeam "ERA-Postovni sporitelna A"]
[BlackTeam "SK Holdia DP Praha B"]
[WhiteFideId "318248"]
[BlackFideId "314161"]
[EventDate "2011.10.02"]

1. e4 c6 2. d4 d5 3. Nc3 dxe4 4. Nxe4 Bf5 5. Ng3 Bg6 6. h4 h6 7. Nf3 Nd7 8. Bd3
Bxd3 9. Qxd3 Qc7 10. Bd2 e6 11. O-O-O Ngf6 12. Rhe1 O-O-O 13. Qb3 Bd6 14. Nf1
Bf4 15. g3 Bxd2+ 16. N1xd2 Ng4 17. Re2 Kb8 18. Nc4 Rhe8 19. a4 c5 20. Qc3 Ndf6
21. b3 a6 22. Nce5 Rd5 23. Nxg4 Nxg4 24. dxc5 Qxc5 25. Qxc5 Rxc5 26. Rd7 Rc7 27.
Rd4 f5 28. Ne5 Nxe5 29. Rxe5 Rec8 30. Rd2 Rc6 31. Rde2 R8c7 32. Kb2 Kc8 33. Rxe6
Rxe6 34. Rxe6 Kd7 35. Rg6 Ke8 36. f4 Kf7 37. h5 Re7 38. Rb6 Kg8 39. a5 Re3 40.
Rxb7 Rxg3 41. Rb6 Rh3 42. Rxa6 Rxh5 43. Ra8+ Kh7 44. a6 1-0

[Event "TCh-CZE Liga 1 Zapad"]
[Site "Czech Rep CZE"]
[Date "2012.02.12"]
[Round "8.1"]
[White "Petr,Ma"]
[Black "Spirin,O"]
[Result "1/2-1/2"]
[WhiteTitle "GM"]
[BlackTitle "IM"]
[WhiteElo "2526"]
[BlackElo "2493"]
[WhiteTeam "TJ Slavia Hradec Kralove"]
[BlackTeam "SK AD Jicin"]
[WhiteFideId "318299"]
[BlackFideId "4134494"]
[EventDate "2011.10.02"]

1. e4 c6 2. d4 d5 3. exd5 cxd5 4. c4 Nf6 5. Nc3 Nc6 6. Bg5 Be6 7. Be2 Qa5 8. Bf3
Rd8 9. Bxf6 gxf6 10. cxd5 Bxd5 11. Bxd5 Rxd5 12. Nf3 Rd7 13. O-O e6 14. d5 Nb4
15. Qd4 Nxd5 16. Nxd5 Qxd5 17. Qxa7 Rg8 18. Kh1 b5 19. Qe3 Rg4 20. Rac1 Rc4 21.
Rxc4 bxc4 22. Rc1 Bc5 23. Qe2 Qd3 24. Qxd3 Rxd3 25. Kg1 Bd4 26. Nxd4 Rxd4 27. g3
Rd2 28. Rxc4 Rxb2 29. Ra4 f5 30. Kg2 Ke7 31. Kf3 Kf6 32. h4 h5 33. Ke3 Rc2 34.
Ra7 Rc3+ 35. Kd2 Rf3 36. Ke2 Rc3 37. a4 Ra3 38. a5 e5 39. a6 f4 40. gxf4 exf4
41. Ra8 f3+ 42. Kd2 Kf5 43. a7 Kf4 44. Kc2 Ra2+ 45. Kb3 Ra1 46. Kb4 Ra2 47. Kb3
Ra1 48. Kc4 Ra2 49. Kc5 f5 50. Kd6 Ra6+ 51. Ke7 Ra2 52. Kf6 Ra6+ 53. Kf7 Ra2 54.
Kf6 Ra6+ 55. Ke7 Ra2 56. Kd6 Ra6+ 57. Kd5 Ra5+ 58. Ke6 1/2-1/2

[Event "TCh-CZE Liga 1 Zapad"]
[Site "Czech Rep CZE"]
[Date "2012.02.12"]
[Round "8.2"]
[White "Voloshin,L"]
[Black "Nun,Ji"]
[Result "1/2-1/2"]
[WhiteTitle "GM"]
[BlackTitle "IM"]
[WhiteElo "2449"]
[BlackElo "2372"]
[WhiteTeam "SK AD Jicin"]
[BlackTeam "TJ Slavia Hradec Kralove"]
[WhiteFideId "311111"]
[BlackFideId "300179"]
[EventDate "2011.10.02"]

1. Nf3 Nf6 2. d4 e6 3. c4 b6 4. a3 Bb7 5. Nc3 d5 6. cxd5 exd5 7. g3 Be7 8. Bg2
O-O 9. O-O c5 10. Bg5 Ne4 11. Bxe7 Qxe7 12. dxc5 Nxc3 13. bxc3 Qxc5 14. Qd4 Nd7
15. Rfc1 Qe7 16. Qd2 1/2-1/2